Statistiques concernant La réponse est une carte Clash Royale

Cliquez ici pour prendre le quiz!

Statistiques générales

  • Ce quiz a été pris 265 fois
  • Le résultat moyen est 8 sur 20

Statistiques - réponses

IndiceRéponse% Correct
Exceptionnellement grandGéant
78%
Personne de moins de 18 ansMineur
78%
Objet de forme sphérique, rempli d'air et utilisé dans de nombreux sportsBallon
77%
Constructeur autobomile américain produisant des voitures électriquesTesla
66%
Maladie contre laquelle Pasteur mis au point un vaccin à la fin du 19ème siècleRage
59%
Avion de guerre chargé de larguer des bombesBombardier
55%
Symboles servant notamment à indiquer une directionFlèches
54%
Purple Rain est l'un de ses tubesPrince
49%
Qualificatif donné par les Romains aux peuples étrangersBarbares
47%
Chaleur très intenseFournaise
39%
Célèbre roman d'Alexandre Dumas(Les) trois mousquetaires
34%
Récipient utilisé en cuisine et associé au pilonMortier
28%
Petit oiseau limicole au long becChevalier
27%
Substance souple et gélatineuse, paraissant à la fois liquide et solideGel
24%
Plante au goût piquant dont les feuilles se mangent en saladeRoquette
24%
Parties d'épées situées entre la poignée et la lame et recouvrant la mainGardes
18%
Ecole d'art parisienne formant notamment au film d'animationGobelins
17%
Ouvertures étroites dans le mur d'un château, semblables aux meurtrièresArchères
16%
Avion de guerre chargé de combattre les avions adversesChasseur
14%
Synonyme familier de beau ou superbe, utilisé généralement pour désigner une personneCanon
11%

Distribution des résultats

Percentile par nombre de réponses

% des personnes avec chaque résultat

Votre développement - résultats

Vous n’avez pas pris ce quiz